000 00422nam a2200181Ia 4500
001 17123
005 20260306170402.0
008 260306t2005||||xx |||||||||||||| ||und||
041 _aESP
082 _a657.46
_bA65
100 _aArancibia Cueva, Miguel
_eAUT
245 0 _aAuditoria tributaria
260 _c2005
300 _a702 páginas :
_c24 cm.
650 _aGEN
654 _aCCO
942 _cLIB
_dJUS
_fJUS
_2ddc
_n
999 _c17123
_d17123